Statistics for Countries that never won the Eurovision Song Contest

Click here to take the quiz!

General Stats

  • This quiz has been taken 2,629 times
  • The average score is 20 of 24

Answer Stats

Debut yearAnswer% Correct
2015Australia
89%
1994Poland
89%
1994Lithuania
87%
2008San Marino
87%
1994Slovakia
87%
1971Malta
87%
1993Slovenia
87%
1994Romania
86%
2005Bulgaria
86%
1994Hungary
86%
1998Former Yugoslav Republic of Macedonia
85%
1986Iceland
85%
1993Bosnia & Herzegovina
85%
2004Albania
84%
1993Croatia
84%
2005Moldova
84%
2007Czech Republic
84%
2007Georgia
84%
2007Montenegro
84%
2004Belarus
84%
2004Andorra
83%
2006Armenia
82%
1980Morocco
79%
1981Cyprus
78%

Score Distribution

Percentile by Number Answered

Percent of People with Each Score

Your Score History

You have not taken this quiz